000 00910nas a2200277 4500
001 BR9206499
003 BR-BrBNA
005 20231205092929.0
007 ta
008 230509b bl.|||p| |||| 00| 00por d
040 _aBR-BrBNA
_bpor
_cBiblioteca Nacional de Agricultura
041 _a(Pt)
072 _aL73
100 1 _aMoraes, F.R.
100 1 _aCosta, A.J.
100 1 _aMoraes, J.R.E. de
100 1 _aAvila, F.A. de
100 1 _aCosta, E.P.
245 1 _aFrequencia de aglutininas anti-Listeria monocytogenes em soros de bovinos do municipio de Pocos de Caldas, Minas Gerais, Brasil
650 _aBOVINO
650 _aLISTERIOSE
650 _aSORO-AGLUTINACAO
773 0 _tArquivos da Escola de Veterinaria da Universidade Federal de Minas Gerais (Brazil)
_xISS 0365-8384
_g(Apr 1979), v. 31(1) p. 19-21
_wBR9206499
909 _a202311
_bLúcia
_c55
_dLúcia Elande
942 _2AGRIS
_n0
_cANA
999 _c135184
_d135184